|
|
|
|
| LEADER |
00738nam a2200217 a 4500 |
| 001 |
752 |
| 003 |
BD-DhAAL |
| 008 |
090716s2000 enk b 001 0 eng d |
| 040 |
|
|
|a BDS
|d BD-DhAAL
|
| 082 |
0 |
0 |
|a 821/.8
|2 21
|
| 100 |
1 |
|
|a Mahmud, AL.
|9 13795
|
| 245 |
1 |
0 |
|a Selected poems /
|c Al Mahmud ; Selected and Translated by Kabir Chowdhury.
|
| 260 |
|
|
|a Dhaka :
|b Bangla Academy ,
|c 1981.
|
| 300 |
|
|
|a v, 50 p. ;
|c 22 cm.
|
| 504 |
|
|
|a .
|
| 541 |
1 |
|
|e 752
|
| 650 |
|
|
|a English Poetry
|9 13796
|
| 852 |
4 |
|
|a Ayesha Abed Library
|j General shelf.
|
| 942 |
|
|
|2 ddc
|c BK
|
| 999 |
|
|
|c 35236
|d 35236
|
| 952 |
|
|
|0 0
|1 0
|2 ddc
|4 0
|6 821_800000000000000_MAH
|7 0
|9 55242
|a SCL
|b SCL
|c GEN
|d 2015-08-16
|g 15.00
|l 3
|m 13
|o 821.8 MAH
|p 3020000752
|r 2022-12-21
|s 2022-09-26
|t 1
|w 2015-08-16
|y BK
|